000 00687nam a2200241 i 4500
001 19422
003 ES-MaACL
005 20230906152107.0
007 t|
008 020715s2001 sp ||||0| spa j
020 _a84-08-03870-2
040 _aM-BN
_bspa
_cM-BN
080 _a821.134.2-31"19"
100 1 _aGala, Antonio,
_d1936-2023
_9226511
245 1 3 _aEl imposible olvido /
_cAntonio Gala.
250 _a1ª ed.
260 _aBarcelona :
_bPlaneta,
_c2001.
300 _a347 p ;
_c24 cm.
490 1 _aAutores españoles e iberoamericanos
830 0 _aAutores españoles e iberoamericanos
_9119106
852 _aES-MaACL
_jL-25855
_bR.131072
999 _c19422
_d19422